Statistics for Kamen Rider - Heisei Riders - Quiz

Click here to take the quiz!

General Stats

  • This quiz has been taken 552 times
  • The average score is 15 of 15

Answer Stats

HintAnswer% Correct
2010Double
99%
2003Faiz
99%
2011OOO
99%
2001Agito
98%
2009Decade
98%
2007Den-O
98%
2014Gaim
98%
2008Kiva
98%
2002Ryuki
98%
2013Wizard
98%
2004Blade
97%
2012Fourze
97%
2006Kabuto
97%
2000Kuuga
97%
2005Hibiki
95%

Score Distribution

Percentile by Number Answered

Percent of People with Each Score

Your Score History

You have not taken this quiz